The Buddhist way of action: A working philosophy for daily life
সংরক্ষণ করুন:
| প্রধান লেখক: | |
|---|---|
| বিন্যাস: | গ্রন্থ |
| ভাষা: | Undetermined |
| প্রকাশিত: |
London
Allen & Uwin
1960
|
| বিষয়গুলি: | |
| ট্যাগগুলো: |
ট্যাগ যুক্ত করুন
কোনো ট্যাগ নেই, প্রথমজন হিসাবে ট্যাগ করুন!
|
| Thư viện lưu trữ: | Trung tâm Học liệu Trường Đại học Cần Thơ |
|---|
| LEADER | 00565nam a2200193Ia 4500 | ||
|---|---|---|---|
| 001 | CTU_90477 | ||
| 008 | 210402s9999 xx 000 0 und d | ||
| 082 | |a 294.3 | ||
| 082 | |b H927 | ||
| 100 | |a Christmas Humphreys | ||
| 245 | 4 | |a The Buddhist way of action: A working philosophy for daily life | |
| 245 | 0 | |c Christmas Humphreys | |
| 260 | |a London | ||
| 260 | |b Allen & Uwin | ||
| 260 | |c 1960 | ||
| 650 | |a zen buddhism,religious life,buddhism | ||
| 650 | |x buddhism,doctrines | ||
| 904 | |i Nguyên | ||
| 980 | |a Trung tâm Học liệu Trường Đại học Cần Thơ | ||